| 000 | 00692 a2200169 4500 | ||
|---|---|---|---|
| 999 |
_c6984 _d6984 |
||
| 020 | _a0139744037 (paper) | ||
| 050 | 0 | 0 | _aBJ1012. LIS 1999 |
| 100 | 1 |
_aLiszka, James Jakb̤, _d1950- |
|
| 245 | 1 | 0 |
_aMoral competence : _ban integrated approach to the study of ethics / _cJames Jakb̤ Liszka. |
| 264 |
_aNew Jersey: _bPrentice hall., _c1999 |
||
| 300 |
_axviii, 410 p. : _bill. ; |
||
| 500 | _aIncludes bibliographical references (p. 381-396) and index. | ||
| 504 | _aIncludes bibliographical references (p. 381-396) and index. | ||
| 650 | 0 | _aEthics. | |
| 942 |
_2lcc _cBK _h1021 _iLIS _kBJ |
||